[Event "Univé Chess Tournament 2009 - Open"]
[Site "Hoogeveen NED"]
[Date "2009.10.17"]
[Round "2.21"]
[White "Potze, Rudolf"]
[Black "Ootes, Lars"]
[Result "0-1"]
[WhiteElo "2156"]
[BlackElo "2384"]
[PlyCount "70"]
[EventDate "2009.10.16"]
[EventType "swiss"]
[EventRounds "9"]
[EventCountry "NED"]
[Source "lmi"]
[SourceDate "2009.10.16"]

1. e4 d6 2. d4 Nf6 3. Nc3 g6 4. Be3 Bg7 5. f3 c6 6. a4 Qa5 7. Bc4 d5 8. Bd3
dxe4 9. fxe4 Ng4 10. Qd2 Nxe3 11. Qxe3 Qb6 12. Nge2 e5 13. a5 Qxb2 14. Rb1 exd4
15. Qf4 Qa3 16. Qc7 O-O 17. Rb3 Qc5 18. Nd5 Nd7 19. a6 bxa6 20. Qxc6 Qxc6 21.
Ne7+ Kh8 22. Nxc6 Nc5 23. Ra3 Bb7 24. Ncxd4 Bxe4 25. Bxe4 Nxe4 26. Rxa6 Rfd8
27. Nb5 Rac8 28. Ra4 f5 29. c4 Nc5 30. Rxa7 Nd3+ 31. Kf1 Rxc4 32. Rc7 Ra4 33.
g3 Ra2 34. h4 Re8 35. Nc1 Re1# 0-1

[Event "Univé Chess Tournament 2009 - Open"]
[Site "Hoogeveen NED"]
[Date "2009.10.17"]
[Round "2.22"]
[White "Van Delft, Merijn"]
[Black "Sadallah, Osama"]
[Result "1-0"]
[WhiteElo "2374"]
[BlackElo "2156"]
[PlyCount "81"]
[EventDate "2009.10.16"]
[EventType "swiss"]
[EventRounds "9"]
[EventCountry "NED"]
[Source "lmi"]
[SourceDate "2009.10.16"]

1. e4 c5 2. Nf3 Nc6 3. d4 cxd4 4. Nxd4 Nf6 5. Nc3 g6 6. Nxc6 bxc6 7. e5 Ng8 8.
Bc4 Qa5 9. O-O Qxe5 10. Re1 Qg7 11. Ne4 e6 12. Bf4 Be7 13. Nd6+ Bxd6 14. Qxd6
Ne7 15. Rad1 Nf5 16. Qa3 f6 17. Qc5 Qe7 18. Rxe6 dxe6 19. Qxc6+ Kf7 20. Qxa8
Kg7 21. Bb8 a6 22. Qa7 Bb7 23. Bxe6 Qxe6 24. Qxb7+ Kh6 25. Bf4+ g5 26. Qd5 Qe2
27. Qd2 Qg4 28. Bg3 Re8 29. b3 Kg6 30. f3 Qh5 31. Re1 Rxe1+ 32. Qxe1 Kh6 33.
Qe6 Qg6 34. Qxa6 Ne3 35. Qd3 Nf5 36. Qe4 Kg7 37. Bf2 h5 38. g4 hxg4 39. fxg4
Nh6 40. Qxg6+ Kxg6 41. h3 1-0

[Event "Univé Chess Tournament 2009 - Open"]
[Site "Hoogeveen NED"]
[Date "2009.10.17"]
[Round "2.23"]
[White "Van der Veen, Jan"]
[Black "Bezemer, Arno"]
[Result "1/2-1/2"]
[WhiteElo "2144"]
[BlackElo "2364"]
[PlyCount "70"]
[EventDate "2009.10.16"]
[EventType "swiss"]
[EventRounds "9"]
[EventCountry "NED"]
[Source "lmi"]
[SourceDate "2009.10.16"]

1. e4 c5 2. Nc3 d6 3. f4 g6 4. Nf3 Bg7 5. Bc4 Nc6 6. d3 e6 7. O-O Nge7 8. Qe1
O-O 9. a3 Nd4 10. Nxd4 cxd4 11. Ne2 d5 12. Bb3 dxe4 13. dxe4 d3 14. Nc3 Nc6 15.
Be3 Nd4 16. Rd1 dxc2 17. Bxc2 Nxc2 18. Rxd8 Nxe1 19. Rxf8+ Kxf8 20. Rxe1 b6 21.
Rd1 Ke7 22. Bd4 f6 23. e5 f5 24. Nb5 Bd7 25. Nd6 Bc6 26. Kf2 h6 27. h4 g5 28.
hxg5 hxg5 29. Rc1 Kd7 30. Rh1 gxf4 31. Rh7 Rg8 32. Nxf5 exf5 33. Rxg7+ Rxg7 34.
e6+ Kxe6 35. Bxg7 Kd5 1/2-1/2

[Event "Univé Chess Tournament 2009 - Open"]
[Site "Hoogeveen NED"]
[Date "2009.10.17"]
[Round "2.24"]
[White "Lagrotteria, Salvatore"]
[Black "Galje, Hans"]
[Result "0-1"]
[WhiteElo "2221"]
[BlackElo "2139"]
[PlyCount "100"]
[EventDate "2009.10.16"]
[EventType "swiss"]
[EventRounds "9"]
[EventCountry "NED"]
[Source "lmi"]
[SourceDate "2009.10.16"]

1. d4 Nf6 2. c4 e6 3. Nf3 c5 4. d5 exd5 5. cxd5 d6 6. Nc3 g6 7. g3 Bg7 8. Bg2
O-O 9. O-O Na6 10. h3 Re8 11. Nd2 Nc7 12. a4 b6 13. Nc4 Ba6 14. Qb3 Bxc4 15.
Qxc4 a6 16. Bf4 Qd7 17. Qd3 b5 18. a5 Nh5 19. Bd2 f5 20. Bf3 Nf6 21. Bf4 Rad8
22. Qd2 b4 23. Na4 Ne4 24. Bxe4 Rxe4 25. e3 h6 26. f3 Ree8 27. h4 Qe7 28. e4
fxe4 29. Rae1 Bd4+ 30. Kh2 e3 31. Qd3 Kg7 32. h5 gxh5 33. Nb6 e2 34. Rh1 Bf2
35. Nc4 Bxe1 36. Rxe1 Nb5 37. Ne3 Nd4 38. Rxe2 Qd7 39. Rf2 Qb5 40. Nc4 Rf8 41.
b3 Rf6 42. Kg2 Qe8 43. Be3 Nf5 44. Kh2 Qg6 45. Rg2 Nxe3 46. Qxe3 Re8 47. Qf2
Qd3 48. g4 Rxf3 49. gxh5+ Kh7 50. Qh4 Re4 0-1

[Event "Univé Chess Tournament 2009 - Open"]
[Site "Hoogeveen NED"]
[Date "2009.10.17"]
[Round "2.25"]
[White "Haast, Anne"]
[Black "Ellenbroek, Ton"]
[Result "1/2-1/2"]
[WhiteElo "2215"]
[BlackElo "2078"]
[PlyCount "90"]
[EventDate "2009.10.16"]
[EventType "swiss"]
[EventRounds "9"]
[EventCountry "NED"]
[Source "lmi"]
[SourceDate "2009.10.16"]

1. e4 e5 2. Nf3 Nc6 3. Bb5 Nge7 4. O-O g6 5. c3 Bg7 6. d4 exd4 7. cxd4 d5 8.
exd5 Nxd5 9. Bg5 Qd6 10. Re1+ Be6 11. Nbd2 O-O 12. Ne4 Qb4 13. Bxc6 bxc6 14.
Qc2 Rab8 15. b3 Rb6 16. Bd2 Qb5 17. Nc5 Bf5 18. Qc1 Rbb8 19. a4 Qb6 20. Ne5
Rbd8 21. h3 Rd6 22. Bh6 Qb4 23. Bxg7 Kxg7 24. Nc4 Rdd8 25. Re5 Qc3 26. Qxc3
Nxc3 27. Re3 Nd5 28. Ree1 Nb4 29. g4 Bc8 30. Rad1 Rfe8 31. Rxe8 Rxe8 32. Ne3 f5
33. gxf5 gxf5 34. Nd3 Nxd3 35. Rxd3 Rd8 36. Rc3 f4 37. Ng4 h5 38. Ne5 Rxd4 39.
Rxc6 Bxh3 40. Rxc7+ Kf6 41. Nf3 Rd3 42. Rf7+ Kxf7 43. Ne5+ Ke7 44. Nxd3 Be6 45.
b4 f3 1/2-1/2

[Event "Univé Chess Tournament 2009 - Open"]
[Site "Hoogeveen NED"]
[Date "2009.10.17"]
[Round "2.26"]
[White "Mellema, Andries"]
[Black "Hovenga, Alje"]
[Result "0-1"]
[WhiteElo "2125"]
[BlackElo "2206"]
[PlyCount "96"]
[EventDate "2009.10.16"]
[EventType "swiss"]
[EventRounds "9"]
[EventCountry "NED"]
[Source "lmi"]
[SourceDate "2009.10.16"]

1. e4 Nc6 2. Nc3 e6 3. d4 d5 4. e5 Nge7 5. f4 Nf5 6. Nf3 b6 7. a3 h5 8. Bb5 Bd7
9. Qd3 Nce7 10. Ne2 Bxb5 11. Qxb5+ c6 12. Qd3 Qd7 13. Bd2 Ng6 14. Ng3 Ngh4 15.
Nxf5 Nxf5 16. g3 Be7 17. Ke2 O-O 18. Rag1 c5 19. c3 Qa4 20. h3 h4 21. gxh4 Rfc8
22. h5 Qb3 23. Bc1 b5 24. Qd1 Qa2 25. Qd3 b4 26. axb4 cxb4 27. Bd2 Qxb2 28.
cxb4 Rc4 29. Rb1 Nxd4+ 30. Nxd4 Qxd4 31. Qxd4 Rxd4 32. Rhc1 Rb8 33. b5 Rb7 34.
Rc6 Ra4 35. Rb3 Ra3 36. Rc8+ Kh7 37. Rxa3 Bxa3 38. Be3 Bb2 39. Rc2 Rxb5 40.
Bxa7 Rb7 41. Be3 Kh6 42. Kf3 Kxh5 43. Rc8 Rb3 44. Rh8+ Kg6 45. Ke2 Kf5 46. Rh7
Ke4 47. Bd2 Rg3 48. Kf2 Rg6 0-1

[Event "Univé Chess Tournament 2009 - Open"]
[Site "Hoogeveen NED"]
[Date "2009.10.17"]
[Round "2.27"]
[White "Admiraal, Miguoel"]
[Black "Ypma, Peter"]
[Result "1-0"]
[WhiteElo "2194"]
[BlackElo "2052"]
[PlyCount "145"]
[EventDate "2009.10.16"]
[EventType "swiss"]
[EventRounds "9"]
[EventCountry "NED"]
[Source "lmi"]
[SourceDate "2009.10.16"]

1. e4 e5 2. Nf3 Nc6 3. Bb5 a6 4. Bxc6 dxc6 5. O-O f6 6. d4 exd4 7. Nxd4 c5 8.
Nb3 Qxd1 9. Rxd1 Bg4 10. f3 Be6 11. Bf4 c4 12. Nc1 Bc5+ 13. Kf1 Rd8 14. Rxd8+
Kxd8 15. Nc3 Ne7 16. N1e2 Kc8 17. Bg3 Rd8 18. Bf2 Bxf2 19. Kxf2 b5 20. g4 c5
21. h4 Kc7 22. Ke3 b4 23. Na4 Kc6 24. b3 c3 25. Nf4 Bf7 26. Nd3 Kb5 27. Naxc5
Rc8 28. a3 Rxc5 29. Nxc5 Kxc5 30. axb4+ Kb6 31. Kd4 Ng6 32. h5 Ne5 33. Rf1 h6
34. Kxc3 Kb5 35. Rf2 Be8 36. Rf1 Bf7 37. Kb2 Kxb4 38. c3+ Kb5 39. Kc2 a5 40.
Rf2 a4 41. bxa4+ Kxa4 42. Rf1 Kb5 43. Kd2 Kc4 44. Ke3 Kxc3 45. Rc1+ Kb4 46. Rc7
Kb5 47. Rc8 Nc4+ 48. Kd4 Ne5 49. Ke3 Nc4+ 50. Kd4 Ne5 51. f4 Nc6+ 52. Ke3 Be6
53. Rc7 Bxg4 54. Rxg7 Bxh5 55. Rh7 Bg4 56. Rf7 f5 57. exf5 Kc5 58. Ke4 Kd6 59.
Rf6+ Kd7 60. Rxh6 Bd1 61. Rh2 Bb3 62. Rd2+ Ke8 63. Rb2 Bg8 64. Rb7 Kf8 65. Rc7
Nd8 66. Ke5 Bb3 67. Kf6 Ba2 68. Ra7 Bb3 69. Ra3 Bc4 70. Ra4 Bb3 71. Ra8 Ke8 72.
Kg7 Kd7 73. Rxd8+ 1-0

[Event "Univé Chess Tournament 2009 - Open"]
[Site "Hoogeveen NED"]
[Date "2009.10.17"]
[Round "2.28"]
[White "Beijerinck, Nick"]
[Black "Pijpers, Arthur"]
[Result "0-1"]
[WhiteElo "2044"]
[BlackElo "2190"]
[PlyCount "94"]
[EventDate "2009.10.16"]
[EventType "swiss"]
[EventRounds "9"]
[EventCountry "NED"]
[Source "lmi"]
[SourceDate "2009.10.16"]

1. e4 c5 2. Nf3 d6 3. d4 cxd4 4. Nxd4 Nf6 5. Nc3 g6 6. Be3 Bg7 7. f3 Nc6 8. Qd2
O-O 9. Bc4 Bd7 10. O-O-O Rc8 11. Bb3 Ne5 12. Kb1 a6 13. h4 h5 14. Bh6 Nc4 15.
Bxc4 Rxc4 16. Bxg7 Kxg7 17. g4 hxg4 18. h5 Rh8 19. Qg5 Rc5 20. Nd5 Nxd5 21.
exd5 e5 22. Qxd8 Rxd8 23. Nb3 Rc7 24. hxg6 Kxg6 25. Rdg1 f5 26. Rh2 Kg5 27. Rh7
Rdc8 28. Nd2 Be8 29. Rh2 Bg6 30. c3 f4+ 31. Kc1 g3 32. Nf1 Rh7 33. Re2 Rch8 34.
Nd2 Rh1 35. Ree1 Rxg1 36. Rxg1 Rh2 37. Kd1 Kh4 38. Ke1 Kh3 39. c4 Rxd2 40. Kxd2
Kh2 41. Re1 g2 42. b4 b6 43. a4 g1=Q 44. Rxg1 Kxg1 45. a5 bxa5 46. b5 axb5 47.
cxb5 Bf7 0-1

[Event "Univé Chess Tournament 2009 - Open"]
[Site "Hoogeveen NED"]
[Date "2009.10.17"]
[Round "2.29"]
[White "Jellema, Yme Jan"]
[Black "Hortensius, Lisa"]
[Result "1/2-1/2"]
[WhiteElo "2177"]
[BlackElo "2042"]
[PlyCount "105"]
[EventDate "2009.10.16"]
[EventType "swiss"]
[EventRounds "9"]
[EventCountry "NED"]
[Source "lmi"]
[SourceDate "2009.10.16"]

1. e4 e6 2. d4 d5 3. Nc3 Bb4 4. Bd2 Nf6 5. e5 Bxc3 6. bxc3 Ne4 7. Qg4 Kf8 8.
Nf3 c5 9. Bd3 Nxd2 10. Kxd2 h6 11. Qf4 Nc6 12. g4 Qc7 13. g5 h5 14. g6 f5 15.
Rhg1 Qa5 16. Rg5 cxd4 17. Nxd4 Nxd4 18. Qxd4 Bd7 19. Rb1 b6 20. Qh4 Rc8 21. Rb3
Qc5 22. Ke2 Qe7 23. a4 Rh6 24. a5 Rxg6 25. Rxh5 Qxh4 26. Rxh4 Rh6 27. Rxh6 gxh6
28. axb6 axb6 29. Rxb6 Rxc3 30. Rb8+ Rc8 31. Rxc8+ Bxc8 32. Ke3 Ke7 33. Kd4 Kd7
34. Kc5 Kc7 35. f4 Bb7 36. Bb5 Bc8 37. Bc6 Ba6 38. Be8 Bb7 39. Bb5 Bc8 40. Bc6
Ba6 41. Bxd5 exd5 42. Kxd5 Kd7 43. e6+ Ke7 44. Ke5 Bc4 45. Kxf5 Bxe6+ 46. Kg6
Bf7+ 47. Kg7 h5 48. h4 Be8 49. f5 Bf7 50. c3 Bc4 51. Kg6 Bf7+ 52. Kg7 Bc4 53.
Kg6 1/2-1/2

[Event "Univé Chess Tournament 2009 - Open"]
[Site "Hoogeveen NED"]
[Date "2009.10.17"]
[Round "2.31"]
[White "Beukema, Stefan"]
[Black "Cako, Laszlo"]
[Result "0-1"]
[WhiteElo "2032"]
[BlackElo "2159"]
[PlyCount "48"]
[EventDate "2009.10.16"]
[EventType "swiss"]
[EventRounds "9"]
[EventCountry "NED"]
[Source "lmi"]
[SourceDate "2009.10.16"]

1. e4 e5 2. Nf3 Nc6 3. d4 exd4 4. Nxd4 Nf6 5. Nxc6 bxc6 6. e5 Qe7 7. Qe2 Nd5 8.
c4 Ba6 9. b3 g5 10. g3 Bg7 11. Bb2 O-O 12. Nd2 Rae8 13. Nf3 g4 14. Nd2 Bxe5 15.
Qxg4+ Kh8 16. O-O-O Bxb2+ 17. Kxb2 Qf6+ 18. Ka3 Nc3 19. Rc1 Qd6+ 20. c5 Qxd2
21. Bxa6 Qxa2+ 22. Kb4 Nd5+ 23. Kc4 Qxa6+ 24. Kd4 f5 0-1

[Event "Univé Chess Tournament 2009 - Open"]
[Site "Hoogeveen NED"]
[Date "2009.10.18"]
[Round "3.1"]
[White "Brodsky, Michail"]
[Black "Caspi, Israel"]
[Result "1-0"]
[WhiteElo "2530"]
[BlackElo "2404"]
[PlyCount "71"]
[EventDate "2009.10.16"]
[EventType "swiss"]
[EventRounds "9"]
[EventCountry "NED"]
[Source "lmi"]
[SourceDate "2009.10.16"]

1. d4 f5 2. g3 Nf6 3. Bg2 g6 4. c4 Bg7 5. Nf3 O-O 6. O-O d6 7. Nc3 Nc6 8. d5
Na5 9. b3 Ne4 10. Nxe4 Bxa1 11. Neg5 c5 12. e4 Bg7 13. exf5 Bxf5 14. Nh4 e5 15.
dxe6 Qe7 16. Nxf5 Rxf5 17. h4 Nc6 18. Be4 Rf6 19. Bd5 Rf5 20. Nf7 Nd4 21. Bg5
Qc7 22. Be3 Re8 23. Bxd4 cxd4 24. Qd3 Kf8 25. Ng5 h6 26. e7+ Rxe7 27. Ne6+ Rxe6
28. Bxe6 Rf6 29. Bd5 Qa5 30. Qxd4 Qxa2 31. Qg4 Qa5 32. Qc8+ Ke7 33. Qxb7+ Kf8
34. Qc8+ Ke7 35. b4 Qxb4 36. Qc7+ 1-0

[Event "Univé Chess Tournament 2009 - Open"]
[Site "Hoogeveen NED"]
[Date "2009.10.18"]
[Round "3.2"]
[White "Kraai, Jesse"]
[Black "Slingerland, Fred"]
[Result "0-1"]
[WhiteElo "2526"]
[BlackElo "2395"]
[PlyCount "87"]
[EventDate "2009.10.16"]
[EventType "swiss"]
[EventRounds "9"]
[EventCountry "NED"]
[Source "lmi"]
[SourceDate "2009.10.16"]

1. Nf3 d5 2. d4 Nf6 3. c4 dxc4 4. e3 a6 5. Bxc4 e6 6. O-O c5 7. e4 cxd4 8. e5
Nfd7 9. Qxd4 Nc6 10. Qe4 Qc7 11. Bf4 b5 12. Bb3 Nc5 13. Qe3 Nxb3 14. axb3 Bb7
15. Rc1 Qd7 16. Nc3 Nb4 17. Ng5 Be7 18. Rd1 Nd5 19. Qg3 O-O 20. Nge4 Kh8 21.
Nxd5 Bxd5 22. Nc3 Rfd8 23. Nxd5 exd5 24. Be3 Qe6 25. Bd4 Rac8 26. h3 Bc5 27.
Qe3 Bxd4 28. Qxd4 h6 29. Rac1 Rxc1 30. Rxc1 Qf5 31. g4 Qe4 32. Rd1 Qe2 33. Rd2
Qe1+ 34. Kg2 Kg8 35. f4 Rc8 36. Qf2 Qe4+ 37. Qf3 Rc2 38. Rxc2 Qxc2+ 39. Kg3 d4
40. f5 Qxb2 41. Kf4 a5 42. e6 Qc1+ 43. Ke5 Qc5+ 44. Qd5 0-1

[Event "Univé Chess Tournament 2009 - Open"]
[Site "Hoogeveen NED"]
[Date "2009.10.18"]
[Round "3.4"]
[White "Willemze, Thomas"]
[Black "Riemersma, Li"]
[Result "1-0"]
[WhiteElo "2391"]
[BlackElo "2431"]
[PlyCount "87"]
[EventDate "2009.10.16"]
[EventType "swiss"]
[EventRounds "9"]
[EventCountry "NED"]
[Source "lmi"]
[SourceDate "2009.10.16"]

1. e4 c5 2. Nf3 d6 3. d4 cxd4 4. Nxd4 Nf6 5. Nc3 Nc6 6. Bg5 e6 7. Qd2 a6 8.
O-O-O Bd7 9. f4 b5 10. Bxf6 gxf6 11. f5 Nxd4 12. Qxd4 Bh6+ 13. Kb1 Bf4 14. Ne2
Be5 15. Qd3 Qb6 16. Ng1 O-O-O 17. Nf3 Bc6 18. Be2 Qc5 19. fxe6 fxe6 20. Qb3
Bxe4 21. Nxe5 Qxe5 22. Rhe1 f5 23. a4 Kd7 24. axb5 axb5 25. g4 Kc6 26. Bd3 Rb8
27. Re3 Bd5 28. Qa3 Qf4 29. Qc3+ Kb6 30. Bxf5 Rhc8 31. Qd4+ Qxd4 32. Rxd4 Kc5
33. Rxd5+ Kxd5 34. Bxe6+ Kd4 35. Rd3+ Ke5 36. Bxc8 Rxc8 37. Rh3 Kf4 38. Rxh7
Kxg4 39. Rf7 Rh8 40. Rf2 Rh5 41. Ka2 d5 42. Kb3 d4 43. Rd2 Rd5 44. Rd3 1-0

[Event "Univé Chess Tournament 2009 - Open"]
[Site "Hoogeveen NED"]
[Date "2009.10.18"]
[Round "3.5"]
[White "Vedder, Henk"]
[Black "Friedel, Joshua E"]
[Result "0-1"]
[WhiteElo "2364"]
[BlackElo "2555"]
[PlyCount "78"]
[EventDate "2009.10.16"]
[EventType "swiss"]
[EventRounds "9"]
[EventCountry "NED"]
[Source "lmi"]
[SourceDate "2009.10.16"]

1. e4 e5 2. Nf3 Nc6 3. Bc4 Nf6 4. Ng5 b5 5. Bxb5 d5 6. exd5 Qxd5 7. Nc3 Qxg2 8.
Qf3 Qxf3 9. Nxf3 Bd7 10. d3 O-O-O 11. Bg5 h6 12. Bxf6 gxf6 13. O-O-O Kb7 14.
Nd2 Bg4 15. Bxc6+ Kxc6 16. Rde1 h5 17. f3 Be6 18. Re4 Bh6 19. Kd1 Rdg8 20. Re2
Bh3 21. Nce4 f5 22. Nf2 Bg2 23. Rg1 Bf4 24. Ng4 fxg4 25. Rexg2 f5 26. Nf1 Rb8
27. fxg4 hxg4 28. b3 Kd5 29. Ke2 Rh3 30. Ng3 Ke6 31. Rf1 Kf6 32. c3 Kg5 33. b4
Rbh8 34. Rff2 Bxg3 35. hxg3 f4 36. Rg1 Rxg3 37. Rxg3 fxg3 38. Rf7 Rh1 39. Rg7+
Kf5 0-1

[Event "Univé Chess Tournament 2009 - Open"]
[Site "Hoogeveen NED"]
[Date "2009.10.18"]
[Round "3.6"]
[White "Nijboer, Friso"]
[Black "Heemskerk, Wim"]
[Result "1-0"]
[WhiteElo "2540"]
[BlackElo "2236"]
[PlyCount "99"]
[EventDate "2009.10.16"]
[EventType "swiss"]
[EventRounds "9"]
[EventCountry "NED"]
[Source "lmi"]
[SourceDate "2009.10.16"]

1. e4 e6 2. d4 d5 3. Nc3 Nf6 4. e5 Nfd7 5. f4 c5 6. Nf3 Nc6 7. Be3 a6 8. Qd2 b5
9. Be2 Qb6 10. Nd1 b4 11. c3 a5 12. O-O Ba6 13. Bxa6 Qxa6 14. f5 Be7 15. Bf2
bxc3 16. bxc3 cxd4 17. cxd4 Nb4 18. a3 Nd3 19. Bh4 Bxh4 20. Nxh4 Rb8 21. Rf3 g5
22. Rxd3 gxh4 23. Rh3 Qb6 24. Ne3 Qb2 25. Qxb2 Rxb2 26. Rc1 O-O 27. Rxh4 Rfb8
28. Rf1 Rb1 29. Rg4+ Kf8 30. fxe6 Rxf1+ 31. Kxf1 fxe6 32. Rf4+ Kg7 33. h4 a4
34. Rf3 Rb3 35. Ke2 Kg8 36. Nd1 Rb1 37. h5 Kg7 38. g4 Ra1 39. Rc3 Ra2+ 40. Kf3
Nb6 41. Ne3 Kf7 42. Rc7+ Kf8 43. Rc6 Nc4 44. Nxc4 dxc4 45. Rxc4 Rxa3+ 46. Kf4
h6 47. g5 hxg5+ 48. Kxg5 Ke7 49. Rc7+ Kd8 50. Ra7 1-0

[Event "Univé Chess Tournament 2009 - Open"]
[Site "Hoogeveen NED"]
[Date "2009.10.18"]
[Round "3.7"]
[White "Vedder, Richard"]
[Black "Haslinger, Stewart"]
[Result "0-1"]
[WhiteElo "2349"]
[BlackElo "2529"]
[PlyCount "130"]
[EventDate "2009.10.16"]
[EventType "swiss"]
[EventRounds "9"]
[EventCountry "NED"]
[Source "lmi"]
[SourceDate "2009.10.16"]

1. e4 e5 2. Nf3 d6 3. d4 exd4 4. Nxd4 Nf6 5. f3 d5 6. e5 Nh5 7. g3 c5 8. Nb5 d4
9. c4 a6 10. N5a3 Nc6 11. f4 g6 12. Bg2 Be7 13. O-O Ng7 14. Nd2 Bd7 15. Nc2 h5
16. h4 Bg4 17. Qe1 Qd7 18. Ne4 O-O 19. Bd2 b5 20. b3 Rab8 21. Nf2 Bf5 22. Be4
bxc4 23. bxc4 Rb2 24. Qc1 Rfb8 25. Ne1 Bxe4 26. Nxe4 Qf5 27. Nf2 Rb1 28. Rxb1
Rxb1 29. Qa3 Qc8 30. Ned3 Rxf1+ 31. Kxf1 Nd8 32. Ne1 Nf5 33. Kg2 Qb7+ 34. Kh2
Ne6 35. Qb3 Qc6 36. Qf3 Qa4 37. Qb3 Qc6 38. Qf3 Qb6 39. Qb3 Qd8 40. Ne4 Qa8 41.
Qf3 Qb8 42. Qb3 Qc7 43. Nd3 Kg7 44. Ndf2 Qc6 45. Qd3 Nf8 46. Bc1 Nd7 47. Ng5
Nb6 48. Nge4 Qa4 49. Qb3 Qxc4 50. Qxc4 Nxc4 51. Nd3 Nce3 52. Ndxc5 Nf1+ 53. Kg2
N1xg3 54. Nxg3 Bxc5 55. Nxf5+ gxf5 56. Bd2 Kf8 57. Kf3 Ke7 58. Ke2 Ke6 59. Kd3
Kd5 60. Be1 Ba3 61. Ba5 Bc1 62. Bc7 Be3 63. Bb8 Bf2 64. Ba7 Bxh4 65. Bxd4 Bg3
0-1

[Event "Univé Chess Tournament 2009 - Open"]
[Site "Hoogeveen NED"]
[Date "2009.10.18"]
[Round "3.8"]
[White "Vul, Arkadi Eremeevich"]
[Black "Romanishin, Oleg"]
[Result "1/2-1/2"]
[WhiteElo "2309"]
[BlackElo "2515"]
[PlyCount "26"]
[EventDate "2009.10.16"]
[EventType "swiss"]
[EventRounds "9"]
[EventCountry "NED"]
[Source "lmi"]
[SourceDate "2009.10.16"]

1. Nf3 Nf6 2. c4 g6 3. g3 Bg7 4. Bg2 d6 5. d4 Bf5 6. Nh4 Be4 7. f3 Bxb1 8. Rxb1
c6 9. O-O d5 10. b3 e6 11. e4 Ng8 12. exd5 cxd5 13. f4 Ne7 1/2-1/2

[Event "Univé Chess Tournament 2009 - Open"]
[Site "Hoogeveen NED"]
[Date "2009.10.18"]
[Round "3.9"]
[White "Van Kooten, Luuk"]
[Black "Gruenfeld, Yehuda"]
[Result "0-1"]
[WhiteElo "2292"]
[BlackElo "2474"]
[PlyCount "58"]
[EventDate "2009.10.16"]
[EventType "swiss"]
[EventRounds "9"]
[EventCountry "NED"]
[Source "lmi"]
[SourceDate "2009.10.16"]

1. d4 Nf6 2. c4 g6 3. Nc3 Bg7 4. e4 d6 5. Bd3 O-O 6. Nge2 Nc6 7. O-O Nd7 8. Bc2
e5 9. d5 Nd4 10. Be3 Nxc2 11. Qxc2 f5 12. exf5 gxf5 13. f4 Nf6 14. h3 Nh5 15.
Rad1 Bd7 16. c5 Kh8 17. c6 bxc6 18. dxc6 Bxc6 19. fxe5 Bxe5 20. Nd4 Bxg2 21.
Ne6 Rg8 22. Nxd8 Bxh3+ 23. Kf2 Rg2+ 24. Ke1 Rxc2 25. Nf7+ Kg7 26. Nxe5 Bxf1 27.
Kxf1 dxe5 28. Rd7+ Kg6 29. Rxc7 f4 0-1

[Event "Univé Chess Tournament 2009 - Open"]
[Site "Hoogeveen NED"]
[Date "2009.10.18"]
[Round "3.10"]
[White "Genov, Petar"]
[Black "Grooten, Herman"]
[Result "0-1"]
[WhiteElo "2470"]
[BlackElo "2328"]
[PlyCount "102"]
[EventDate "2009.10.16"]
[EventType "swiss"]
[EventRounds "9"]
[EventCountry "NED"]
[Source "lmi"]
[SourceDate "2009.10.16"]

1. d4 Nf6 2. c4 e6 3. Nf3 b6 4. g3 Ba6 5. Qb3 Nc6 6. Nbd2 Na5 7. Qc3 c5 8. dxc5
bxc5 9. e4 d6 10. a3 Bb7 11. b4 Nc6 12. b5 Ne5 13. Nxe5 dxe5 14. f3 g5 15. Bb2
Nd7 16. Bg2 Bg7 17. Nb3 Qc7 18. a4 Rd8 19. a5 f5 20. O-O f4 21. Bh3 Kf7 22.
Rad1 Bf6 23. Rd3 h5 24. gxf4 gxf4 25. Rfd1 Rhg8+ 26. Kf1 Be7 27. Qd2 Nf6 28.
Rxd8 Rxd8 29. Qe2 Rg8 30. Bc3 Rg5 31. Be1 Qc8 32. Bf2 a6 33. Rc1 Rg7 34. Nd2
Nh7 35. Rb1 Ng5 36. Bg2 Qg8 37. bxa6 Bxa6 38. Rb6 Bc8 39. h4 Nh7 40. Bh3 Bxh4
41. Bxc5 Rg3 42. Bg2 Bd8 43. Rb5 h4 44. Bh1 Nf6 45. Bf2 Nh5 46. Rxe5 Rg1+ 47.
Bxg1 Ng3+ 48. Ke1 Nxe2 49. Bf2 Ng3 50. Bg2 Qh8 51. Bd4 Bf6 0-1

[Event "Univé Chess Tournament 2009 - Open"]
[Site "Hoogeveen NED"]
[Date "2009.10.18"]
[Round "3.11"]
[White "De Jong, Migchiel"]
[Black "Mostertman, Milan"]
[Result "1-0"]
[WhiteElo "2373"]
[BlackElo "2138"]
[PlyCount "69"]
[EventDate "2009.10.16"]
[EventType "swiss"]
[EventRounds "9"]
[EventCountry "NED"]
[Source "lmi"]
[SourceDate "2009.10.16"]

1. e4 c5 2. Nf3 d6 3. d4 cxd4 4. Nxd4 Nf6 5. Nc3 g6 6. Be3 Bg7 7. f3 Nc6 8. Qd2
O-O 9. O-O-O d5 10. Qe1 e5 11. Nxc6 bxc6 12. exd5 cxd5 13. Bg5 Be6 14. Bc4 Qc7
15. Bxf6 dxc4 16. Bxg7 Kxg7 17. Ne4 Rad8 18. Qc3 f6 19. g4 Bd5 20. g5 Bxe4 21.
gxf6+ Rxf6 22. fxe4 Rxd1+ 23. Rxd1 Qc5 24. b4 Qf2 25. Qxe5 Kh6 26. Kb2 Rf3 27.
Rd5 Qe3 28. c3 Rf2+ 29. Ka3 Rc2 30. Qf6 Rxc3+ 31. Ka4 Ra3+ 32. Kb5 a6+ 33. Kc6
Qf3 34. Qh4+ Kg7 35. Rd7+ 1-0

[Event "Univé Chess Tournament 2009 - Open"]
[Site "Hoogeveen NED"]
[Date "2009.10.18"]
[Round "3.12"]
[White "Hovenga, Alje"]
[Black "Ulibin, Mikhail"]
[Result "0-1"]
[WhiteElo "2206"]
[BlackElo "2533"]
[PlyCount "60"]
[EventDate "2009.10.16"]
[EventType "swiss"]
[EventRounds "9"]
[EventCountry "NED"]
[Source "lmi"]
[SourceDate "2009.10.16"]

1. d4 e6 2. c4 f5 3. g3 Nf6 4. Bg2 c6 5. Nf3 d5 6. O-O Bd6 7. b3 Qe7 8. Ne5 O-O
9. Bb2 b6 10. cxd5 exd5 11. Qc2 Bxe5 12. dxe5 Ne4 13. Ba3 c5 14. f3 Ng5 15. h4
Ne6 16. f4 Bb7 17. Nd2 Na6 18. Nf3 Rad8 19. Rfd1 Nac7 20. Rd2 d4 21. Qb2 b5 22.
b4 a5 23. bxc5 b4 24. Bxb4 axb4 25. Qxb4 Nd5 26. Qb3 Nxc5 27. Qc4 Ba6 28. Qc1
Ne4 29. Rxd4 Nxg3 30. Qc6 Nxe2+ 0-1

[Event "Univé Chess Tournament 2009 - Open"]
[Site "Hoogeveen NED"]
[Date "2009.10.18"]
[Round "3.13"]
[White "Ootes, Lars"]
[Black "Hulshof, Peter"]
[Result "1-0"]
[WhiteElo "2384"]
[BlackElo "2216"]
[PlyCount "91"]
[EventDate "2009.10.16"]
[EventType "swiss"]
[EventRounds "9"]
[EventCountry "NED"]
[Source "lmi"]
[SourceDate "2009.10.16"]

1. Nf3 g6 2. c4 Bg7 3. g3 d6 4. Bg2 e5 5. Nc3 f5 6. O-O Nf6 7. d3 O-O 8. Rb1 a5
9. a3 Nh5 10. Bg5 Qd7 11. Bd2 f4 12. b4 axb4 13. axb4 Nc6 14. Qb3 Ne7 15. Nd5
Nxd5 16. cxd5 h6 17. Rfc1 fxg3 18. hxg3 Rf7 19. Be1 Nf6 20. Ra1 Rb8 21. Ra7 Qb5
22. Qa2 Bg4 23. Nh2 Qd7 24. Nxg4 Qxg4 25. Rc4 Qc8 26. b5 b6 27. Qc2 Ne8 28. Be4
Rf6 29. d4 exd4 30. Bxg6 Ra8 31. Rxa8 Qxa8 32. Ra4 Qb8 33. Qc6 Rxg6 34. Ra8
Qxa8 35. Qxa8 Kf7 36. Qd8 Bf6 37. Qd7+ Be7 38. Qf5+ Kg7 39. Qe4 Kf7 40. Qxd4
Nf6 41. Qc4 Bd8 42. e4 Rg4 43. f3 Rg8 44. e5 Ne8 45. Qf4+ Ke7 46. Qh4+ 1-0

[Event "Univé Chess Tournament 2009 - Open"]
[Site "Hoogeveen NED"]
[Date "2009.10.18"]
[Round "3.14"]
[White "Pijpers, Arthur"]
[Black "Van Delft, Merijn"]
[Result "0-1"]
[WhiteElo "2190"]
[BlackElo "2374"]
[PlyCount "30"]
[EventDate "2009.10.16"]
[EventType "swiss"]
[EventRounds "9"]
[EventCountry "NED"]
[Source "lmi"]
[SourceDate "2009.10.16"]

1. e4 c6 2. d4 d5 3. e5 Bf5 4. Nc3 e6 5. g4 Bg6 6. Nge2 c5 7. h4 h5 8. Nf4 Bh7
9. Nxh5 cxd4 10. Nb5 Nc6 11. Nxd4 Nxd4 12. Qxd4 Ne7 13. Bb5+ Nc6 14. c4 Qa5+
15. Bd2 Qxb5 0-1